| 000 | 00649nam a22002057i 4500 | ||
|---|---|---|---|
| 999 |
_c23225 _d23225 |
||
| 003 | AR-CdUCM | ||
| 008 | 250225b20212021 pe||||| |||| 00| 0 spa d | ||
| 020 | _a978-612-4264-41-2 | ||
| 040 |
_aMUNICIPALIDAD PROVINCIAL DEL CUSCO _cBIBLIOTECA MUNICIPAL DEL CUSCO |
||
| 041 | _hspa | ||
| 082 |
_aPI / 370 / Z37 _bZ37 |
||
| 100 |
_aZapata Misad, Ruth María _951055 |
||
| 245 | _aA,B,C, Trazos Coquito / | ||
| 260 |
_aLima : _bDistribuidora Gráfica S.A. _c2021 |
||
| 300 |
_a13 páginas. : _c25x25 cm. |
||
| 505 | _aTrazos Coquito -- Escribe y borra una y otra vez | ||
| 856 | _fwww.coquito.pe | ||
| 942 |
_2ddc _cLIBROS |
||
| 945 |
_apbjr _d25-02-2025 |
||